[Event "S. A. Group BAN-chT 2018"]
[Site "Dhaka"]
[Date "2018.12.08"]
[Round "3"]
[White "Hossain, Monir"]
[Black "Das, Arghyadip"]
[Result "0-1"]
[WhiteElo "2038"]
[BlackElo "2430"]
[Annotator "TA"]
[PlyCount "63"]
[EventDate "2018.12.07"]
[EventType "team-tourn"]
[EventCountry "BAN"]
[SourceTitle "playchess.com"]
[Source "ChessBase"]
[SourceQuality "1"]

{[%evp 13,63,44,50,-1,0,-62,-52,-35,-47,-38,-35,-93,-57,-90,-5,-44,-35,-32,-27,-29,-20,-49,-13,-21,-28,-84,-79,-86,-89,-91,-81,-107,-70,-105,-97,-107,-82,-87,-91,-91,-85,-122,-123,-114,-109,-111,-111,-176,-178,-305,-280,-279]} 1. d4 g6 2. c4 Bg7 3. Nc3 d6 4. e4 Nf6 5. f3 O-O 6. Be3 a6 7. Qd2 Nc6 {LiveBook: 461 Games} 8. d5 {E83: King's Indian: Sämisch Panno (6...Nc6): Lines without either Nge2 or Qd2} (8. O-O-O $14) (8. Nge2 Na5 9. Nc1 Nd7 10. Nb3 c5 11. dxc5 Nxb3 12. axb3 Nxc5 13. Ra3 Be6 14. b4 Nd7 15. Be2 a5 16. Nd5 Bxd5 17. cxd5 axb4 18. Qxb4 {½-½ (35) Beliavsky,A (2537)-Sutovsky,E (2659) Batumi 2018}) 8... Ne5 $11 9. Bh6 (9. b3 $11) 9... Bxh6 $15 10. Qxh6 {Black is slightly better.} c6 11. dxc6 $146 ({Predecessor:} 11. Qd2 cxd5 12. cxd5 b5 13. Qd4 {½-½ (13) Szabo,L-Ree,H Wijk aan Zee 1973}) 11... bxc6 12. Qd2 (12. Rd1 $15) 12... Qb6 13. b3 {[#]} Bb7 (13... d5 $1 $17 {[%mdl 512] aiming for ...dxe4.} 14. cxd5 cxd5 15. Nxd5 Nxd5 16. exd5 Bb7) 14. Rc1 (14. Na4 $5 {[%cal Ra4b6]} Qc7 15. Nh3 $15) 14... Rad8 15. Na4 Qa7 16. Qc3 c5 $36 {[%mdl 2048] White is under pressure.} 17. Nh3 Nc6 18. Bd3 Nd4 19. Nf2 (19. Qd2 $11 {remains equal.}) 19... Bc6 $17 20. Qa5 Bxa4 21. Qxa4 Nh5 22. Nh3 e5 23. O-O a5 24. Kh1 Rb8 25. Qa3 Rb4 26. Bc2 Qa6 27. Rfe1 Ra8 28. Bd1 {[#]} a4 $1 {[%mdl 512]} 29. bxa4 Rxc4 30. Bb3 {[#]} (30. Rxc4 $17 Qxc4 31. Bb3) 30... Rb4 $1 $19 ({Of course not} 30... Rxa4 $6 31. Bxa4 Qxa4 32. Qxa4 $11) 31. Ng5 (31. Bd1 {was worth a try.}) 31... Nxb3 32. axb3 {Accuracy: White = 36%, Black = 64%.} 0-1

[Event "S. A. Group BAN-chT 2018"]
[Site "Dhaka"]
[Date "2018.12.08"]
[Round "3"]
[White "Hamid, Rani"]
[Black "Sai Agni Jeevitesh, J."]
[Result "1/2-1/2"]
[WhiteElo "1932"]
[BlackElo "2336"]
[Annotator "NA"]
[PlyCount "136"]
[EventDate "2018.12.07"]
[EventType "team-tourn"]
[EventCountry "BAN"]
[SourceTitle "playchess.com"]
[Source "ChessBase"]
[SourceQuality "1"]
[TimeControl "5400+30"]

1. e4 {[%emt 1:30:30]} e6 {[%emt 1:30:30]} 2. d4 {[%emt 0:00:30]} d5 {[%emt 0:00:30]} 3. Nc3 {[%emt 0:00:30]} Nf6 {[%emt 0:00:30]} 4. e5 {[%emt 0:00:30]} Nfd7 {[%emt 0:00:30]} 5. f4 {[%emt 0:00:30]} c5 {[%emt 0:00:30]} 6. Nf3 {[%emt 0:00:30]} Be7 {[%emt 0:00:30] C11: French: Classical System: 4 e5 and 4 Bg5 dxe4} (6... Nc6 7. Be3 Qb6 8. Na4 Qa5+ 9. c3 b6 10. Bd2 c4 11. b4 Qa6 12. Be2 Be7 13. O-O f5 14. Qc2 O-O 15. Kh1 Qb7 16. Rg1 Rf7 17. g4 b5 18. gxf5 Rxf5 19. Nc5 Nxc5 20. bxc5 {0-1 (57) Karjakin,S (2773)-Duda,J (2737) chess.com INT 2018}) 7. Be3 {[%emt 0:00:30]} b6 {[%emt 0:00:30]} 8. Be2 {[%emt 0:00:30]} O-O {[%emt 0:00:30]} 9. O-O {[%emt 0:00:30]} Nc6 {[%emt 0:00:30]} 10. a3 {[%emt 0:00:30]} Bb7 {[%emt 0:00:30]} 11. Qe1 {[%emt 0:00:30]} f5 $146 {[%emt 0:00:30]} ({Predecessor:} 11... f6 12. exf6 Bxf6 13. Rd1 Qe7 14. Qf2 Rae8 15. Rfe1 cxd4 16. Nxd4 Nxd4 17. Bxd4 {0-1 (56) Dorst,J (2253)-Karabalis,H (2283) Germany 2015}) 12. Qg3 {[%emt 0:00:30]} cxd4 {[%emt 0:00:30]} 13. Nxd4 {[%emt 0:00:30]} Nxd4 {[%emt 0:00:30]} 14. Bxd4 {[%emt 0:00:30]} Qc8 {[%emt 0:00:30]} 15. Rad1 {[%emt 0:00:30]} (15. b4 $14) 15... Ba6 {[%emt 0:00:30]} 16. Rd2 {[%emt 0:00:30]} Bxe2 {[%emt 0:00:30]} 17. Nxe2 {[%emt 0:00:30]} Nc5 {[%emt 0:00:30]} 18. Bxc5 {[%emt 0:00:30]} Bxc5+ {[%emt 0:00:30]} 19. Kh1 {[%emt 0:00:30]} b5 {[%emt 0:00:30]} 20. Qd3 {[%emt 0:00:30]} Qc6 {[%emt 0:00:30]} 21. Rf3 {[%emt 0:00:30]} Rfc8 {[%emt 0:00:30]} 22. Rh3 {[%emt 0:00:30]} g6 {[%emt 0:00:30]} 23. Qf3 {[%emt 0:00:30]} a5 {[%emt 0:00:30]} 24. Rg3 {[%emt 0:00:30]} b4 {[%emt 0:00:30]} 25. h4 {[%emt 0:00:30]} bxa3 {[%emt 0:00:30]} 26. bxa3 {[%emt 0:00:30]} Ra7 {[%emt 0:00:30]} 27. h5 {[%emt 0:00:30]} Rg7 {[%emt 0:00:30]} 28. Rd3 {[%emt 0:00:30]} Rcc7 {[%emt 0:00:30]} 29. Rb3 {[%emt 0:00:30]} Ba7 $11 {[%emt 0:00:30]} 30. Rc3 {[%emt 0:00:30]} Qb6 {[%emt 0:00:30]} 31. Kh2 {[%emt 0:00:30]} Rxc3 {[%emt 0:00:30]} 32. Qxc3 {[%emt 0:00:30]} Rc7 {[%emt 0:00:30]} 33. Qf3 {[%emt 0:00:30]} Qf2 {[%emt 0:00:30]} 34. Qd3 {[%emt 0:00:30]} Rc4 {[%emt 0:00:30]} 35. hxg6 {[%emt 0:00:30]} Rxf4 {[%emt 0:00:30]} 36. gxh7+ {[%emt 0:00:30]} Kh8 {[%emt 0:00:30]} 37. Rh3 {[%emt 0:00:30]} Rg4 {[%emt 0:00:30]} 38. Qf3 {[%emt 0:00:30]} Qxf3 {[%emt 0:00:30]} 39. gxf3 {[%emt 0:00:30]} Rc4 {[%emt 0:00:30]} 40. c3 {[%emt 0:00:30]} Bb8 {[%emt 0:00:30]} 41. f4 {[%emt 0:00:30]} Re4 42. Nd4 {[%emt 0:00:30]} Rxf4 {[%emt 0:01:00]} 43. Nc6 {[%emt 0:00:30]} Bc7 44. Rh6 {[%emt 0:00:30]} Rg4 {[%emt 0:01:00]} 45. Rxe6 {[%emt 0:00:30]} Bb6 {[%emt 0:00:30]} 46. Ne7 {[%emt 0:00:30]} Bg1+ {[%emt 0:00:30]} 47. Kh1 {[%emt 0:00:30]} d4 {[%emt 0:00:30]} 48. cxd4 {[%emt 0:00:30]} Bxd4 {[%emt 0:00:30]} 49. Nxf5 {[%emt 0:00:30]} Kxh7 {[%emt 0:00:30]} 50. Rh6+ {[%emt 0:00:30]} Kg8 {[%emt 0:00:30]} 51. e6 {[%emt 0:00:30]} Bc5 {[%emt 0:00:30]} 52. Rh5 {[%emt 0:00:30]} Rg1+ {[%emt 0:00:30]} 53. Kh2 {[%emt 0:00:30]} Re1 {[%emt 0:00:30]} 54. Nh6+ {[%emt 0:00:30]} Kg7 {[%emt 0:00:30]} 55. Rxc5 {[%emt 0:00:30]} Kxh6 {[%emt 0:00:30]} 56. Rxa5 {[%emt 0:00:30]} Rxe6 57. Kg3 {[%emt 0:00:30]} Kg6 {[%emt 0:01:00]} 58. Kf4 {[%emt 0:00:30]} Kf7 {[%emt 0:00:30]} 59. Kf5 {[%emt 0:00:30]} Re1 {[%emt 0:00:30]} 60. a4 {[%emt 0:00:30]} Ke7 {[%emt 0:00:30]} 61. Rd5 {[%emt 0:00:30]} Rf1+ {[%emt 0:00:30]} 62. Ke4 {[%emt 0:00:30]} Re1+ {[%emt 0:00:30]} 63. Kf3 {[%emt 0:00:30]} Ke6 {[%emt 0:00:30]} 64. Rd4 {[%emt 0:00:30]} Ke5 {[%emt 0:00:30]} 65. Rh4 {[%emt 0:00:30]} Kd5 {[%emt 0:00:30]} 66. Rh6 {[%emt 0:00:30]} Kc5 {[%emt 0:00:30]} 67. Kf2 {[%emt 0:00:30]} Re4 {[%emt 0:00:30]} 68. a5 {[%emt 0:00:30]} Kb5 {[%emt 0:00:30]} 1/2-1/2

[Event "S. A. Group BAN-chT 2018"]
[Site "Dhaka"]
[Date "2018.12.08"]
[Round "3"]
[White "Sourath Biswas"]
[Black "Zia, Tahsin Tajwar"]
[Result "1/2-1/2"]
[WhiteElo "1881"]
[BlackElo "1925"]
[Annotator "NA"]
[PlyCount "59"]
[EventDate "2018.12.07"]
[EventType "team-tourn"]
[EventCountry "BAN"]
[SourceTitle "playchess.com"]
[Source "ChessBase"]
[SourceQuality "1"]
[TimeControl "5400+30"]

1. d4 {[%emt 0:00:13]} Nf6 {[%emt 0:00:00]} 2. c4 {[%emt 0:00:30]} g6 {[%emt 0:00:02]} 3. g3 {[%emt 0:02:04]} Bg7 {[%emt 0:00:07]} 4. Bg2 {[%emt 0:00:13]} O-O {[%emt 0:00:25]} 5. Nc3 {[%emt 0:00:22]} d6 {[%emt 0:00:08]} 6. Nf3 {[%emt 0:00:07]} c6 {[%emt 0:00:07]} 7. O-O {[%emt 0:00:06]} Bf5 {[%emt 0:00:14]} 8. b3 {[%emt 0:03:36]} Ne4 {[%emt 0:00:36]} 9. Bb2 {[%emt 0:01:31]} Nxc3 {[%emt 0:00:25]} 10. Bxc3 {[%emt 0:00:11]} Be4 {[%emt 0:00:23]} 11. Ne1 {[%emt 0:02:01] E62: King's Indian: Fianchetto: 6...c6 and Panno Variation (6...Nc6) without ...a6} Bxg2 {[%emt 0:00:14]} 12. Nxg2 {[%emt 0:00:07]} c5 $146 {[%emt 0:06:46]} ({Predecessor:} 12... d5 13. Qd3 e6 14. e4 dxe4 15. Qxe4 Nd7 16. Rfd1 Qb6 17. Ne3 Rfe8 18. Rac1 Rac8 {½-½ (18) Krasenkow,M (2615)-Khalifman,A (2650) Vilnius 1997}) 13. Rc1 {[%emt 0:03:34]} Nc6 {[%emt 0:03:25]} 14. dxc5 {[%emt 0:01:08]} dxc5 {[%emt 0:00:19]} 15. Bxg7 {[%emt 0:00:07]} Kxg7 {[%emt 0:00:13]} 16. Nf4 {[%emt 0:00:42]} e6 {[%emt 0:04:43]} 17. Nd3 {[%emt 0:09:17]} b6 {[%emt 0:02:24]} 18. Qc2 {[%emt 0:02:50]} Nd4 {[%emt 0:02:36]} 19. Qb2 {[%emt 0:00:17]} Qf6 {[%emt 0:00:34]} 20. Kg2 {[%emt 0:00:58]} Nc6 $11 {[%emt 0:09:21]} 21. Qxf6+ {[%emt 0:01:34]} Kxf6 {[%emt 0:00:04]} 22. Rfd1 {[%emt 0:00:12]} Rfd8 {[%emt 0:01:12]} 23. Nf4 {[%emt 0:00:55]} Rxd1 {[%emt 0:01:25]} 24. Rxd1 {[%emt 0:00:09]} Rd8 {[%emt 0:00:06]} 25. Rxd8 {[%emt 0:00:14]} Nxd8 {[%emt 0:00:01]} 26. Kf3 {[%emt 0:01:18]} Ke5 {[%emt 0:00:44]} 27. e3 {[%emt 0:00:34]} Nc6 {[%emt 0:00:38]} 28. Nd3+ {[%emt 0:00:07]} Kd6 {[%emt 0:00:32]} 29. g4 {[%emt 0:00:33]} f6 {[%emt 0:01:35]} 30. Ke4 {[%emt 1:09:30] Ke5+} 1/2-1/2

[Event "S. A. Group BAN-chT 2018"]
[Site "Dhaka"]
[Date "2018.12.09"]
[Round "4"]
[White "Kovalev, Vladislav"]
[Black "Sahoo, Utkal Ranjan"]
[Result "1-0"]
[WhiteElo "2683"]
[BlackElo "2286"]
[Annotator "TA"]
[PlyCount "56"]
[EventDate "2018.12.07"]
[EventType "team-tourn"]
[EventCountry "BAN"]
[SourceTitle "playchess.com"]
[Source "ChessBase"]
[SourceQuality "1"]

{[%evp 16,56,0,0,0,0,0,0,0,0,5,0,0,0,0,0,0,0,20,16,9,10,21,0,20,19,61,30,33,25,38,0,0,0,31,0,66,72,90,88,128,116,304]} 1. e4 e5 2. Nc3 Nc6 3. g3 Nf6 4. Bg2 Bc5 5. d3 a6 6. h3 d6 7. Nge2 O-O 8. O-O Be6 9. Nd5 {LiveBook: 14 Games. C26: Vienna Game: 2...Nf6, sidelines} (9. Kh2 d5 10. Bg5 dxe4 11. Nxe4 Be7 12. Bxf6 Bxf6 13. f4 Be7 14. f5 Bd7 15. f6 gxf6 16. g4 f5 17. gxf5 {1-0 (32) Mamedov,R (2709)-Alekseev,E (2616) Riadh 2017}) 9... Nd4 10. Nxd4 Bxd4 11. c3 {The position is equal.} Ba7 12. Bg5 Bxd5 $1 13. exd5 h6 14. Bd2 Qd7 {[#]} 15. a4 $146 ({Predecessor:} 15. Kh2 Rae8 16. Qb3 Bb6 {1-0 (38) Antal,G (2566)-Krylov,I (2322) Moscow 2016}) 15... Rae8 16. Qb3 Qc8 17. Qc4 Nd7 18. a5 f5 {[%cal Bf7f5,Bf5f4][%mdl 32]} 19. Rae1 Nf6 20. Kh2 f4 21. d4 $36 {[%mdl 2048] White fights for an advantage.} exd4 22. cxd4 Nh5 23. Bf3 Rxe1 24. Bxe1 Nf6 25. Qd3 c6 ({Black should try} 25... fxg3+ $11 26. fxg3 Re8) 26. dxc6 $14 bxc6 {White is better.} 27. gxf4 d5 28. Bb4 Kf7 $2 {Accuracy: White = 66%, Black = 47%.} (28... Rf7 $16) 1-0

[Event "S. A. Group BAN-chT 2018"]
[Site "Dhaka"]
[Date "2018.12.09"]
[Round "4"]
[White "Ghosh, Diptayan"]
[Black "Sai Agni Jeevitesh, J."]
[Result "1-0"]
[WhiteElo "2541"]
[BlackElo "2336"]
[Annotator "TA"]
[PlyCount "59"]
[EventDate "2018.12.07"]
[EventType "team-tourn"]
[EventCountry "BAN"]
[SourceTitle "playchess.com"]
[Source "ChessBase"]
[SourceQuality "1"]

{[%evp 20,59,33,32,39,39,29,31,41,37,97,93,181,50,29,52,41,41,104,-10,0,0,3,8,21,0,50,73,381,393,392,385,370,356,694,550,514,531,826,825,860,834]} 1. Nf3 Nf6 2. g3 d5 3. Bg2 e6 4. O-O Be7 5. c4 O-O 6. d4 c6 7. b3 b6 8. Bb2 Ba6 9. Nbd2 Nbd7 10. Re1 Rc8 11. e4 {LiveBook: 13 Games. E07: Closed Catalan: Main Line (5 Nf3 0-0 6 0-0 Nbd7)} Nxe4 (11... Qc7 12. Rc1 Qb8 13. Ne5 Nxe5 14. dxe5 Nxe4 15. Nxe4 dxe4 16. Bxe4 {½-½ (79) Kasimdzhanov,R (2704)-Kovalyov,A (2616) Baku 2015}) 12. Nxe4 dxe4 13. Rxe4 {White has an edge.} c5 14. Re2 b5 $146 (14... Bb7 $14) ({Predecessor:} 14... Bf6 15. Ne5 cxd4 16. Nc6 Qc7 17. Nxd4 Nc5 18. Rd2 Rfd8 {1-0 (29) Evdokimenko,V (2317)-Moiseev,A (1919) Obninsk 2009}) 15. Rd2 $1 $16 {Hoping for dxc5.} Qc7 (15... Qe8 $16) 16. d5 (16. dxc5 $18 Nf6 17. b4) 16... exd5 $14 17. cxd5 Qd6 18. Bh3 $36 {[%mdl 2048] White has some pressure.} Rfd8 (18... Rcd8 $14) 19. b4 ({White should try} 19. Qe2 $16) 19... Bf6 20. Bxf6 Qxf6 21. Rc1 {Black must now prevent Bxd7.} c4 22. Rd4 Qd6 23. Ng5 Rb8 $2 {[%mdl 8192] [#]} (23... Nf6 $16 {is more resistant.}) 24. Nxf7 $1 $18 {[%mdl 512]} Kxf7 {[#]} 25. Be6+ $1 Ke7 {Strongly threatening ...Nf6.} 26. Qg4 g6 $2 (26... Re8 27. Qg5+ (27. Qxg7+ Kd8 $15) 27... Nf6) 27. Qg5+ {White is clearly winning.} Nf6 28. Re1 Qxb4 29. Re3 Rd6 30. Rf4 {Accuracy: White = 63%, Black = 17%.} 1-0

[Event "S. A. Group BAN-chT 2018"]
[Site "Dhaka"]
[Date "2018.12.09"]
[Round "4"]
[White "Mollah Abdullah, Al Rakib"]
[Black "Ahmed, Feroz"]
[Result "1-0"]
[WhiteElo "2477"]
[BlackElo "1904"]
[Annotator "TA"]
[PlyCount "89"]
[EventDate "2018.12.07"]
[EventType "team-tourn"]
[EventCountry "BAN"]
[SourceTitle "playchess.com"]
[Source "ChessBase"]
[SourceQuality "1"]

{[%evp 23,89,27,22,22,56,54,71,68,71,70,65,58,68,69,102,107,116,113,106,107,218,213,244,162,191,151,151,151,149,156,158,151,237,223,279,282,319,301,344,352,408,405,718,684,739,730,785,783,868,877,881,848,1375,1347,4132,4134,6456,10655,5885,5297,29974,29975,29975,29974,29980,29981,29974,29974]} 1. d4 Nf6 2. Nf3 g6 3. g3 Bg7 4. Bg2 d5 5. O-O c5 6. c4 cxd4 7. cxd5 Nxd5 8. Nxd4 O-O 9. Nc3 Nxc3 10. bxc3 Qa5 11. Qb3 Nc6 12. Be3 Qa6 {LiveBook: 26 Games} 13. Rfe1 {D75: Fianchetto Grünfeld: Main Line with 7...c5} (13. a4 Bd7 14. Rfd1 Rfd8 15. Bd5 Be8 16. Bg5 Na5 17. Qa2 Bf6 18. Be3 Rac8 19. Nb5 e6 20. Bb3 Nxb3 21. Qxb3 {½-½ (44) Li,C (2746)-Di Berardino,D (2499) Baku 2016}) 13... Bd7 14. Rab1 Rab8 15. Nxc6 $146 {White is better.} ({Predecessor:} 15. Bd5 Na5 16. Qa3 e6 17. Be4 Nc4 18. Qxa6 bxa6 19. Bg5 h6 20. Be7 Rxb1 21. Rxb1 {1-0 (59) Chetverik,M (2240)-Schmidt,K (2044) Bad Zwesten 2013}) 15... Bxc6 16. Bxc6 Qxc6 17. Bxa7 Ra8 18. Bd4 e5 19. Be3 Rfc8 20. Qxb7 Qc4 21. Qb3 f5 {[#]} (21... e4 $16 {is a better defense.}) 22. Red1 $1 $18 {[%cal Rd1d8] And now Rd8+! would win.} Bf8 23. Rd5 f4 24. Qxc4 Rxc4 25. gxf4 exf4 {[#]} 26. Bd4 $1 Rc7 27. Rb2 h6 (27... Bg7 $16 28. Kg2 Ra3) 28. Kg2 Rf7 29. Rdb5 g5 30. Kf3 Ba3 31. Rb8+ Rxb8 32. Rxb8+ {[%mdl 4096] Endgame KRB-KRB} Kh7 (32... Rf8 $142) 33. Ra8 Bd6 34. Ra7 Rxa7 35. Bxa7 {KB-KB} Kg6 36. a4 Bc7 37. Ke4 h5 38. h3 {[%cal Bh2h3,Bh3g4][%mdl 32]} g4 39. hxg4 h4 40. Kf3 h3 41. c4 {[%cal Bc3c4,Bc4c5][%mdl 32]} Kg5 42. c5 {White mates.} h2 43. Kg2 Kxg4 44. Bb6 Be5 45. f3+ {Accuracy: White = 99%, Black = 10%.} 1-0

[Event "S. A. Group BAN-chT 2018"]
[Site "Dhaka"]
[Date "2018.12.09"]
[Round "4"]
[White "Das, Sayantan"]
[Black "Md, Sariatullah"]
[Result "1-0"]
[WhiteElo "2453"]
[BlackElo "2047"]
[Annotator "TA"]
[PlyCount "63"]
[EventDate "2018.12.07"]
[EventType "team-tourn"]
[EventCountry "BAN"]
[SourceTitle "playchess.com"]
[Source "ChessBase"]
[SourceQuality "1"]

{[%evp 19,63,28,41,29,60,38,35,36,51,66,59,62,59,57,64,66,95,89,136,135,229,264,246,253,252,226,451,459,469,456,464,450,995,988,931,727,1090,1086,2678,2676,29996,772,29997,29998,29998,29999]} 1. e4 c5 2. Nf3 d6 3. d4 cxd4 4. Nxd4 Nf6 5. Nc3 a6 6. h3 e5 7. Nde2 h6 {B90: Sicilian Najdorf: Unusual White 6th moves, 6 Be3 Ng4 and 6 Be3 e5} (7... b5 8. Ng3 Nbd7 9. Bg5 h6 10. Be3 Bb7 11. Bd3 h5 12. Bg5 g6 13. O-O Be7 14. a3 h4 15. Nge2 Nc5 16. Bxf6 Bxf6 {1-0 (48) Dominguez Perez,L (2739)-Vachier Lagrave,M (2779) chess.com INT 2018}) 8. g4 Be6 9. Bg2 Nbd7 10. Be3 Be7 {LiveBook: 3 Games} 11. Qd2 Qc7 12. O-O Rc8 $146 ({Predecessor:} 12... O-O 13. Rac1 b5 14. b3 Rfd8 15. Ng3 Bf8 {½-½ (54) Pavlicek,P (1847)-Juricek,S (2122) Valasska Bystrice 2014}) 13. Rac1 g5 14. b3 Nf8 15. Nd5 $1 {[%cal Rd5c7]} Bxd5 16. exd5 Ng6 17. c4 b6 18. Ng3 Nf4 19. Nf5 Nxg2 (19... Kf8 $16 20. Bxf4 gxf4) 20. Kxg2 $18 a5 21. f3 Nd7 22. h4 f6 $2 {[#]} (22... gxh4 23. Bxh6 Nc5) 23. hxg5 hxg5 24. Rh1 Kf7 25. Qd3 Rxh1 (25... Rcg8 $142 26. Nh6+ Rxh6) 26. Rxh1 {[%cal Bc1h1,Bh1h8,Bh8g8][%mdl 32] [#] Rh7+ would kill now.} ({Weaker is} 26. Kxh1 Nc5 $16) 26... Nf8 27. a4 Bd8 28. Rh8 Qd7 29. Nh6+ Kg7 30. Rg8+ Kxh6 31. Qb1 {[%cal Rb1h1]} Qg7 32. Qh1+ {Accuracy: White = 94%, Black = 32%.} 1-0

[Event "S. A. Group BAN-chT 2018"]
[Site "Dhaka"]
[Date "2018.12.09"]
[Round "4"]
[White "Sidhant, Mohapatra"]
[Black "Mohammed Abdul, Malek"]
[Result "0-1"]
[WhiteElo "2343"]
[BlackElo "2208"]
[Annotator "NA"]
[PlyCount "80"]
[EventDate "2018.12.07"]
[EventType "team-tourn"]
[EventCountry "BAN"]
[SourceTitle "playchess.com"]
[Source "ChessBase"]
[SourceQuality "1"]
[TimeControl "5400+30"]

1. Nf3 {[%emt 0:00:00]} d5 {[%emt 0:00:00]} 2. g3 {[%emt 0:00:07]} c5 {[%emt 0:00:00]} 3. Bg2 {[%emt 0:01:09]} Nc6 {[%emt 0:00:00]} 4. d4 {[%emt 0:01:24]} Nf6 {[%emt 0:00:09]} 5. c3 {[%emt 0:00:53]} e6 {[%emt 0:00:58]} 6. O-O {[%emt 0:00:22]} cxd4 {[%emt 0:01:06]} 7. cxd4 {[%emt 0:00:41]} Bd6 {[%emt 0:00:09]} 8. Nc3 {[%emt 0:01:10]} O-O {[%emt 0:00:10]} 9. a3 {[%emt 0:01:42]} a6 {[%emt 0:01:24]} 10. Re1 {[%emt 0:04:09]} h6 {[%emt 0:09:11]} 11. Qc2 {[%emt 0:05:56]} Bd7 {[%emt 0:01:36]} 12. e4 {[%emt 0:01:24]} dxe4 $11 {[%emt 0:00:40]} 13. Nxe4 {[%emt 0:00:08]} Be7 {[%emt 0:02:14]} 14. Nc5 {[%emt 0:07:24]} Rc8 {[%emt 0:11:12]} 15. b4 {[%emt 0:03:24]} b6 {[%emt 0:06:07]} 16. Nxd7 {[%emt 0:00:12]} Nxd4 {[%emt 0:06:30]} 17. Nxf6+ {[%emt 0:07:48]} Bxf6 {[%emt 0:00:24]} 18. Qb1 {[%emt 0:00:08]} Rxc1 {[%emt 0:08:58]} 19. Rxc1 {[%emt 0:00:32]} Ne2+ {[%emt 0:00:23]} 20. Kh1 {[%emt 0:00:10]} Nxc1 {[%emt 0:00:06]} 21. Qxc1 {[%emt 0:00:07]} Bxa1 {[%emt 0:00:13]} 22. Qxa1 {[%emt 0:00:08]} Qd3 {[%emt 0:00:17]} 23. h4 {[%emt 0:09:24]} Rd8 {[%emt 0:03:28]} 24. Qb2 {[%emt 0:10:31]} Rc8 {[%emt 0:03:32]} 25. Kh2 {[%emt 0:23:42]} Rc2 {[%emt 0:02:36]} 26. Qb1 {[%emt 0:00:18]} Qc3 {[%emt 0:00:10]} 27. Qd1 {[%emt 0:00:09]} Rxf2 {[%emt 0:01:38]} 28. Kh3 {[%emt 0:05:22]} Qc2 {[%emt 0:01:36]} 29. Qxc2 {[%emt 0:01:49]} Rxc2 {[%emt 0:00:03]} 30. Ne5 {[%emt 0:00:07]} Ra2 {[%emt 0:00:57]} 31. Nc4 {[%emt 0:00:13]} b5 {[%emt 0:00:13]} 32. Na5 {[%emt 0:00:02]} Rxa3 {[%emt 0:00:25]} 33. Bb7 {[%emt 0:00:04]} Ra4 {[%emt 0:00:28]} 34. Nc6 {[%emt 0:00:06]} Kf8 {[%emt 0:01:40]} 35. Kg4 {[%emt 0:00:08]} a5 {[%emt 0:00:26]} 36. Nxa5 {[%emt 0:00:14]} Rxb4+ {[%emt 0:00:09]} 37. Kf3 {[%emt 0:00:19]} Ra4 {[%emt 0:00:36]} 38. Nc6 {[%emt 0:00:05]} b4 {[%emt 0:00:37]} 39. Ke2 {[%emt 0:00:06]} b3 {[%emt 0:00:20]} 40. Kd3 {[%emt 0:00:04]} Rc4 {[%emt 0:03:33] Kd4 [%clk 0:00:00]} 0-1

[Event "S. A. Group BAN-chT 2018"]
[Site "Dhaka"]
[Date "2018.12.09"]
[Round "4"]
[White "Mohammad Minhaz Uddin"]
[Black "Patil, Pratik"]
[Result "1/2-1/2"]
[WhiteElo "2290"]
[BlackElo "2178"]
[Annotator "NA"]
[PlyCount "75"]
[EventDate "2018.12.07"]
[EventType "team-tourn"]
[EventCountry "BAN"]
[SourceTitle "playchess.com"]
[Source "ChessBase"]
[SourceQuality "1"]
[TimeControl "5400+30"]

1. e4 {[%emt 0:00:00]} c5 {[%emt 0:00:00]} 2. Nf3 {[%emt 0:00:00]} e6 {[%emt 0:00:00]} 3. d4 {[%emt 0:00:00]} cxd4 {[%emt 0:00:02]} 4. Nxd4 {[%emt 0:00:00]} Nc6 {[%emt 0:00:25]} 5. Nc3 {[%emt 0:00:00]} Qc7 {[%emt 0:00:13]} 6. Be2 {[%emt 0:00:01]} Nf6 {[%emt 0:00:59]} 7. O-O {[%emt 0:01:21]} Be7 {[%emt 0:04:50]} 8. Be3 {[%emt 0:00:14]} O-O {[%emt 0:01:58]} 9. f4 {[%emt 0:06:02]} d6 {[%emt 0:01:19]} 10. Kh1 {[%emt 0:00:55]} Nxd4 {[%emt 0:01:14]} 11. Bxd4 {[%emt 0:00:25]} e5 {[%emt 0:00:26]} 12. Be3 {[%emt 0:00:07]} b6 {[%emt 0:02:14]} 13. fxe5 {[%emt 0:23:42]} dxe5 {[%emt 0:00:48]} 14. Bg5 {[%emt 0:00:11]} Bb7 {[%emt 0:09:19]} 15. Bxf6 {[%emt 0:00:28]} Bxf6 {[%emt 0:00:02]} 16. Rf3 {[%emt 0:02:39]} Bg5 {[%emt 0:16:18]} 17. Bd3 {[%emt 0:07:25]} Rad8 {[%emt 0:15:35]} 18. Qf1 {[%emt 0:02:39]} g6 {[%emt 0:09:13]} 19. Qe2 {[%emt 0:16:03]} Kg7 {[%emt 0:07:02]} 20. Rff1 {[%emt 0:02:07]} Qc5 {[%emt 0:10:34]} 21. Rad1 {[%emt 0:03:08]} Qe3 {[%emt 0:02:03]} 22. Qg4 {[%emt 0:03:35]} h5 {[%emt 0:02:22]} 23. Qf3 {[%emt 0:00:04]} Qxf3 {[%emt 0:01:08]} 24. gxf3 {[%emt 0:01:16]} Be3 {[%emt 0:00:33]} 25. b3 {[%emt 0:02:55]} Bd4 {[%emt 0:07:10]} 26. Nb5 {[%emt 0:00:13]} a6 {[%emt 0:01:52]} 27. Nc7 {[%emt 0:03:48]} Rd7 {[%emt 0:02:15]} 28. Nxa6 {[%emt 0:00:51]} Bxa6 {[%emt 0:00:48]} 29. Bxa6 {[%emt 0:00:44]} Ra7 {[%emt 0:00:06]} 30. Bd3 {[%emt 0:03:05]} Rxa2 {[%emt 0:00:04]} 31. f4 {[%emt 0:00:06]} Rfa8 {[%emt 0:04:38]} 32. Kg2 Ra1 33. fxe5 Rxd1 34. Rxd1 Ra1 35. e6 fxe6 36. Rxa1 Bxa1 37. Kf3 Kf6 {[%emt 0:00:43]} 38. h3 1/2-1/2